Modernizácia vyučovania. Zaťaženosť poslucháčov II. roč. EF SVŠT v letnom semestri šk. roku 1971/72 : Dielčia výskumná správa. Fakultná úloha EF 69/6

Uložené v:
Podrobná bibliografia
Hlavní autori: Mišík, Ivan (Autor), Bartová, Zuzana (Autor), Senček, František (Autor), Smieško, Viktor, 1948- (Autor), Šeršeňová, Milada (Autor)
Ďalší autori: Bajcsy, Július (Vedúci výskumného tímu)
Médium: Kniha
Vydavateľské údaje: Bratislava : SVŠT v Bratislave EF, 1972
Tagy: Pridať tag
Žiadne tagy, Buďte prvý, kto otaguje tento záznam!

MARC

LEADER 00000nam a22000003a 4500
001 stu235877
005 20150617230123.7
008 111010s1970----------------------------d
040 |a STU  |b slo 
041 0
100 1 |a Bajcsy, Július  |4 rth  |u E190  |U FEI Fakulta elektrotechniky a informatiky  |T FEI Katedra merania  |U E190  |Y 66 
245 1 |a Modernizácia vyučovania. Zaťaženosť poslucháčov II. roč. EF SVŠT v letnom semestri šk. roku 1971/72 :  |b Dielčia výskumná správa. Fakultná úloha EF 69/6 
260 |a Bratislava :  |b SVŠT v Bratislave EF,  |c 1972 
300 |a 45 s 
700 1 |a Mišík, Ivan  |4 aut 
700 1 |a Bartová, Zuzana  |4 aut 
700 1 |a Senček, František  |4 aut 
700 1 |a Smieško, Viktor,  |d 1948-  |4 aut  |u E040  |U FEI Fakulta elektrotechniky a informatiky  |T FEI Ústav elektrotechniky  |X 2086  |U E040  |Y 550  |7 A000002086 
700 1 |a Šeršeňová, Milada  |4 aut 
996 |b EVYSK-S-98  |c E*VYSK-S-98  |l E  |s P  |a 0  |w stu235877_0001